Statistics for 人口の多い自治体Top100

Click here to take the quiz!

General Stats

  • This quiz has been taken 363 times
  • The average score is 36 of 100

Answer Stats

順位自治体名人口% Correct
1横浜市3,771,766
100%
2大阪市2,770,520
94%
3名古屋市2,326,683
92%
4札幌市1,969,918
89%
5福岡市1,642,571
86%
6川崎市1,545,604
85%
7神戸市1,499,887
82%
9さいたま市1,344,850
81%
10広島市1,185,505
81%
11仙台市1,097,814
81%
8京都市1,443,486
80%
12千葉市979,532
77%
14北九州市916,241
70%
16浜松市779,780
67%
15堺市812,027
66%
17新潟市772,388
64%
13世田谷区939,975
61%
20熊本市738,020
59%
25静岡市677,286
59%
22岡山市715,740
58%
21相模原市725,087
57%
18練馬区752,312
53%
19大田区745,723
51%
26船橋市647,105
51%
24江戸川区691,058
47%
23足立区695,828
46%
27川口市592,656
46%
29鹿児島市587,049
44%
33姫路市522,328
41%
28杉並区589,380
39%
31八王子市578,396
39%
35松山市502,387
39%
30板橋区585,909
36%
34宇都宮市513,257
36%
38東大阪市486,255
34%
36松戸市497,444
34%
32江東区536,250
34%
37市川市497,394
33%
42金沢市457,717
32%
40大分市472,606
31%
41倉敷市469,201
31%
50豊田市416,127
31%
39西宮市483,757
30%
47柏市434,031
30%
51高松市411,288
28%
46藤沢市443,986
28%
44尼崎市454,676
28%
43葛飾区455,563
27%
45福山市452,499
27%
48町田市432,564
27%
52富山市406,547
26%
60横須賀市375,424
25%
55岐阜市396,130
25%
56長崎市393,597
25%
59岡崎市381,893
25%
53豊中市399,179
24%
54宮崎市397,258
24%
63豊橋市365,346
23%
58枚方市392,256
23%
66川越市354,205
23%
76郡山市321,674
22%
77いわき市321,486
22%
49品川区422,497
22%
64長野市364,712
22%
61一宮市374,479
22%
57吹田市392,536
22%
62高崎市368,945
22%
93水戸市268,231
21%
75前橋市326,904
21%
86秋田市300,096
20%
68奈良市349,774
20%
84四日市市301,956
19%
78旭川市318,824
19%
73所沢市341,901
19%
74越谷市340,008
19%
70和歌山市348,446
19%
69高槻市348,809
19%
89盛岡市283,674
18%
71中野区346,704
18%
79高知市317,901
18%
80那覇市312,433
18%
81明石市305,880
18%
83春日井市305,319
18%
65北区358,977
18%
67新宿区353,615
18%
95青森市264,428
16%
92津市269,645
16%
91福島市275,414
16%
100平塚市258,463
16%
90墨田区280,365
16%
72大津市345,050
16%
85久留米市300,240
16%
87茨木市290,074
15%
99長岡市258,777
15%
88目黒区285,803
15%
82豊島区305,830
14%
96市原市264,140
14%
94港区266,575
13%
97府中市262,724
13%
98八尾市260,134
11%

Score Distribution

Percentile by Number Answered

Percent of People with Each Score

Your Score History

You have not taken this quiz